| 000 | 01240nam0a22003011 4500 | ||
|---|---|---|---|
| 001 | v19\rc\2037720 | ||
| 005 | 20251118181556.9 | ||
| 035 | _a(NLR Aleph) 005115735 | ||
| 090 |
_a7540964 _c7540964 |
||
| 100 | _a20080925e19171917|||y0rusy50 ca | ||
| 101 | 0 | _arus | |
| 102 | _aRU | ||
| 105 | _ay z ||||| | ||
| 200 | 1 |
_aВисмутовые минералы Забайкалья _e(Представлено акад. В.И. Вернадским в заседании Отд. физ.-мат. наук 18 янв. 1917 г.) _f[Соч.] К.А. Ненадкевича |
|
| 210 |
_a[Санкт-Петербург _d1917] |
||
| 215 |
_a[8] с. _d26 |
||
| 311 | _aОтт. из "Изв. Акад. наук". 1917. С. 447-454 | ||
| 488 | 0 |
_12001#$aИзвестия Академии наук$v1917 _1215##$aС. 447-454 |
|
| 700 | 1 |
_aНенадкевич _bК. А. _f1880-1963 _gКонстантин Автономович |
|
| 702 | 1 |
_aВернадский _bВ. И. _f1863 - 1945 _gВладимир Иванович _3RU\NLR\auth\775962 _4070 |
|
| 801 | 0 |
_aRU _bNLR _gpsbo |
|
| 801 | 0 |
_aRU _bRuMoRGB _2psbo |
|
| 801 | 1 |
_aRU _bProSoft-M _2rusmarc |
|
| 852 |
_aNLR _j17.140.5.197 |
||
| 899 |
_aRuMoRGB _jV 40/24 |
||
| 899 | _aБАН | ||
| 942 | _cBOOK | ||
| 980 | _aNB | ||